000 00919nas a2200277 4500
001 BR2011000612
003 BR-BrBNA
005 20231205114420.0
007 ta
008 230509b bl.|||p| |||| 00| 00por d
040 _aBR-BrBNA
_bpor
_cBiblioteca Nacional de Agricultura
041 _a(Pt)
072 _aF02
100 1 _aAntônio, A. de C.
100 1 _aAlves, J.C. de F.
100 1 _aFaria, B.R. de
100 1 _aAlmeida, M.J. de
245 1 _aUtilização do biossólido de cervejaria como substrato para produção de mudas de eucalipto: análise do desenvolvimento inicial das mudas e aspectos ambientais
650 _aEUCALIPTO
650 _aRESÍDUO
650 _aRECICLAGEM
650 _aMEIO AMBIENTE
773 0 _tEngenharia na Agricultura (Brazil)
_xISSN 1414-3984
_g(Jul-Aug 2010), v. 18(4) p. 305-309
_wBR2011000612
909 _a202311
_bLúcia
_c55
_dLúcia Elande
942 _2AGRIS
_n0
_cANA
999 _c208667
_d208667